000 01064cam a2200301 i 4500
001 22158200
003 OSt
005 20250905065105.0
008 210730s2022 maua b 001 0 eng
010 _a 2021037260
020 _a9780262046305
035 _a22158200
040 _aSEKU
050 0 0 _aQA76.6
_b.C662 2022
100 1 _aCormen, Thomas H.,
_eauthor.
245 1 0 _aIntroduction to algorithms /
_cThomas H. Cormen, Charles E. Leiserson, Ronald L. Rivest, Clifford Stein.
250 _aFourth edition.
264 1 _aCambridge, Massachusett :
_bThe MIT Press,
_c[2022]
300 _axx, 1291 pages :
_bcolor illustrations ;
_c24 cm
504 _aIncludes bibliographical references (pages [1225]-1250) and index.
520 _a"The leading introductory textbook and reference on algorithms"--
_cProvided by publisher.
650 0 _aComputer programming.
650 0 _aComputer algorithms.
700 1 _aLeiserson, Charles Eric,
_eauthor.
700 1 _aRivest, Ronald L.,
_eauthor.
700 1 _aStein, Clifford,
_eauthor.
942 _2lcc
_cGEN
999 _c18581
_d18581